[Event "5ème open de Provence (A)"]
[Site "Salon de Provence"]
[Date "2014.??.??"]
[Round "3.5"]
[White "Merenciano, Alexandre"]
[Black "Benavides, Jeremy"]
[Result "1/2-1/2"]
[WhiteElo "1984"]
[BlackElo "1835"]
[PlyCount "81"]
[EventDate "2014.??.??"]

1. e4 Nc6 2. Nf3 d5 3. exd5 Qxd5 4. Nc3 Qd8 5. Bb5 a6 6. Bxc6+ bxc6 7. Qe2 Nf6
8. O-O e6 9. d4 Be7 10. Bg5 O-O 11. Rfd1 a5 12. Ne5 Qe8 13. Ne4 Nxe4 14. Bxe7
Ng3 15. hxg3 Qxe7 16. Nxc6 Qd6 17. Ne5 Ba6 18. Qf3 Rab8 19. Qc3 Rb4 20. a3 Rb5
21. Rab1 Rd5 22. b4 axb4 23. axb4 f6 24. Nf3 Be2 25. Re1 Bxf3 26. gxf3 Rd8 27.
Qb3 Rxd4 28. Rxe6 Qd5 29. Qxd5 R8xd5 30. Rc6 Rd7 31. Kg2 Re7 32. c4 Rd2 33. b5
Kf7 34. c5 Rc2 35. Ra1 Kg6 36. g4 Ree2 37. Rf1 Re7 38. f4 h5 39. Kg3 hxg4 40.
Kxg4 Rd7 41. f5+ 1/2-1/2

[Event "5ème open de Provence (A)"]
[Site "Salon de Provence"]
[Date "2014.??.??"]
[Round "3.6"]
[White "Valcrose, Thomas"]
[Black "Metras, Dominique"]
[Result "1/2-1/2"]
[WhiteElo "1787"]
[BlackElo "1965"]
[PlyCount "55"]
[EventDate "2014.??.??"]

1. e4 Nf6 2. e5 Nd5 3. c4 Nb6 4. d4 d6 5. f4 dxe5 6. fxe5 Nc6 7. Be3 Bf5 8. Nc3
e6 9. Be2 Be7 10. Nf3 O-O 11. O-O f6 12. Qb3 fxe5 13. d5 Nb4 14. Rac1 Nd3 15.
Rcd1 Nc5 16. Bxc5 Bxc5+ 17. Kh1 exd5 18. Nxd5 c6 19. Ne3 Qe7 20. Nxf5 Rxf5 21.
Qc2 e4 22. Nd2 Rxf1+ 23. Rxf1 Re8 24. Rf4 Qg5 25. Rxe4 Rxe4 26. Nxe4 Qe3 27.
Nxc5 Qxc5 28. Qe4 1/2-1/2

[Event "5ème open de Provence (A)"]
[Site "Salon de Provence"]
[Date "2014.??.??"]
[Round "3.7"]
[White "Vincensini, Emmanuel"]
[Black "Amoros, Jean"]
[Result "1-0"]
[WhiteElo "1960"]
[BlackElo "1499"]
[PlyCount "69"]
[EventDate "2014.??.??"]

1. d4 e5 2. dxe5 Nc6 3. Nf3 Bc5 4. e4 Nge7 5. Bc4 O-O 6. O-O Ng6 7. Bb3 Ngxe5
8. Nxe5 Nxe5 9. Bf4 Qf6 10. Bg3 d6 11. Nc3 Be6 12. Nd5 Bxd5 13. Bxd5 c6 14. Bb3
a5 15. a4 Rab8 16. Kh1 Qe7 17. f4 Ng6 18. Qd3 Rbd8 19. Rae1 Rfe8 20. Qf3 Kh8
21. c3 f6 22. Qh5 Nf8 23. h4 g6 24. Qg4 h5 25. Qf3 Qd7 26. f5 Qg7 27. fxg6 Qxg6
28. Qxf6+ Qxf6 29. Rxf6 Kg7 30. Rf7+ Kg6 31. Rxb7 Rd7 32. Rxd7 Nxd7 33. Rf1 Ne5
34. Rf5 Ng4 35. Bf7+ 1-0

[Event "5ème open de Provence (A)"]
[Site "Salon de Provence"]
[Date "2014.??.??"]
[Round "3.8"]
[White "Nicolas, Gabrielle"]
[Black "Rayne, Remy"]
[Result "0-1"]
[WhiteElo "1732"]
[BlackElo "1936"]
[PlyCount "63"]
[EventDate "2014.??.??"]

1. d4 e6 2. c4 f5 3. Nf3 Nf6 4. e3 Be7 5. Be2 O-O 6. O-O b6 7. a3 a5 8. b3 Bb7
9. Bb2 Ne4 10. Nbd2 Bf6 11. Nxe4 fxe4 12. Ne5 d6 13. Ng4 Bg5 14. h3 h5 15. Nh2
g6 16. Bc1 Nd7 17. f3 Qe7 18. Qc2 Nf6 19. Bd2 Qh7 20. Rab1 Qh6 21. f4 Bh4 22.
Be1 Bxe1 23. Rfxe1 e5 24. Qd2 exf4 25. exf4 Rae8 26. Qe3 d5 27. Nf1 Nd7 28. g3
h4 29. Bg4 Nf6 30. f5 Nxg4 31. hxg4 Qxe3+ 32. Rxe3 0-1

[Event "5ème open de Provence (A)"]
[Site "Salon de Provence"]
[Date "2014.??.??"]
[Round "3.9"]
[White "Catot, Olivier"]
[Black "Lazov, Stefan"]
[Result "0-1"]
[WhiteElo "1588"]
[BlackElo "1894"]
[PlyCount "50"]
[EventDate "2014.??.??"]

1. d4 d5 2. Nf3 Nf6 3. e3 c5 4. Nbd2 Nc6 5. b3 Bf5 6. Bb2 e6 7. Be2 h6 8. Ne5
Nxe5 9. dxe5 Nd7 10. Nf3 Qc7 11. c4 dxc4 12. Bxc4 Be7 13. h3 O-O 14. O-O Rfd8
15. Qe1 Qc6 16. Nd2 Nb6 17. Be2 Bd3 18. Rc1 Qb5 19. Bxd3 Rxd3 20. Qe2 Rad8 21.
Bd4 Rc8 22. f4 Nd5 23. Nf3 Nb6 24. f5 exf5 25. Rc4 Qd7 0-1

[Event "5ème open de Provence (A)"]
[Site "Salon de Provence"]
[Date "2014.??.??"]
[Round "3.10"]
[White "Morris, Keith"]
[Black "Faure, Alexandre"]
[Result "0-1"]
[WhiteElo "1709"]
[BlackElo "1875"]
[PlyCount "58"]
[EventDate "2014.??.??"]

1. e4 e6 2. d4 d5 3. e5 c5 4. c3 Qb6 5. Nf3 Nc6 6. Be2 cxd4 7. cxd4 Nh6 8. Nc3
Nf5 9. Bb5 Bb4 10. Bxc6+ bxc6 11. O-O Ba6 12. Re1 O-O 13. a3 Be7 14. b4 Bc4 15.
Na4 Qb8 16. g4 Nh6 17. Ng5 a5 18. bxa5 Rxa5 19. Qc2 Bxg5 20. Bxg5 Bb3 21. Qc3
Rxa4 22. Reb1 Rc4 23. Qh3 Qa7 24. Qxb3 Qxd4 25. h3 Qxe5 26. Be3 f5 27. Bxh6
gxh6 28. Re1 Re4 29. Rxe4 Qxa1+ 0-1

[Event "5ème open de Provence (A)"]
[Site "Salon de Provence"]
[Date "2014.??.??"]
[Round "3.11"]
[White "Danielian, Kevin"]
[Black "Colandrea, Sauveur"]
[Result "1-0"]
[WhiteElo "1848"]
[BlackElo "1764"]
[PlyCount "33"]
[EventDate "2014.??.??"]

1. d4 d5 2. c4 Nc6 3. cxd5 Qxd5 4. Nf3 e5 5. Nc3 Bb4 6. Bd2 Bxc3 7. Bxc3 Bg4 8.
Nxe5 Nxe5 9. dxe5 O-O-O 10. Qxd5 Rxd5 11. f3 Be6 12. e4 Rc5 13. Bd3 Ne7 14. Bb4
Rxe5 15. Bxe7 Bh3 16. gxh3 Rxe7 17. Ke2 1-0

[Event "5ème open de Provence (A)"]
[Site "Salon de Provence"]
[Date "2014.??.??"]
[Round "3.12"]
[White "Nguyen, Patrick"]
[Black "Brongers, Henk"]
[Result "0-1"]
[WhiteElo "1667"]
[BlackElo "2027"]
[PlyCount "70"]
[EventDate "2014.??.??"]

1. e4 Nf6 2. e5 Nd5 3. d4 d6 4. Bc4 Nb6 5. Bb3 dxe5 6. Qh5 e6 7. dxe5 c5 8. Qe2
Nc6 9. c3 Qc7 10. Nf3 Nd7 11. Ba4 g6 12. O-O Bg7 13. Bxc6 Qxc6 14. Bf4 O-O 15.
Nbd2 b6 16. Rfe1 Bb7 17. Ne4 Qxe4 18. Qxe4 Bxe4 19. Rxe4 b5 20. Rd1 Nb6 21. Re2
Rfd8 22. Red2 Rxd2 23. Rxd2 Nc4 24. Rd7 Nxb2 25. Be3 Na4 26. Ng5 Rf8 27. f4
Nxc3 28. Bxc5 Rc8 29. Ba3 Ne2+ 30. Kf2 Nxf4 31. g3 Nd5 32. Kg2 h6 33. Nxf7 Rc7
34. Rxc7 Nxc7 35. Nd8 Bxe5 0-1

[Event "5ème open de Provence (A)"]
[Site "Salon de Provence"]
[Date "2014.??.??"]
[Round "3.13"]
[White "Legrand, Vincent"]
[Black "Fournier, Alain"]
[Result "1-0"]
[WhiteElo "1833"]
[BlackElo "1697"]
[PlyCount "52"]
[EventDate "2014.??.??"]

1. e4 c6 2. d4 Na6 3. Nf3 d6 4. Nc3 Nc7 5. Be3 Bg4 6. Be2 Bxf3 7. Bxf3 g6 8.
Qd2 Bg7 9. O-O Nf6 10. Bh6 O-O 11. h4 Ne6 12. h5 g5 13. Bxg7 Kxg7 14. d5 cxd5
15. exd5 Qa5 16. dxe6 fxe6 17. h6+ Kh8 18. Qe3 Rac8 19. Rab1 Qf5 20. Qd3 Qf4
21. g3 Qb4 22. Ne4 Nxe4 23. Bxe4 Rxf2 24. Bxh7 Rcxc2 25. Qxc2 Rxc2 26. Bxc2 Qg4
1-0

[Event "5ème open de Provence (A)"]
[Site "Salon de Provence"]
[Date "2014.??.??"]
[Round "3.14"]
[White "Joubert, Leo"]
[Black "Vincken Vasquez, Dimaryk"]
[Result "0-1"]
[WhiteElo "1790"]
[BlackElo "1626"]
[PlyCount "72"]
[EventDate "2014.??.??"]

1. c4 e5 2. g3 Nf6 3. Bg2 d5 4. cxd5 Nxd5 5. Nc3 Nb6 6. Nf3 Nc6 7. O-O Be7 8.
d3 g5 9. Bd2 g4 10. Ne1 h5 11. Nc2 h4 12. Ne3 hxg3 13. fxg3 Nd4 14. Be4 Rh5 15.
Ned5 Nxd5 16. Nxd5 f5 17. Nxe7 Qxe7 18. e3 Nb5 19. Bh1 Qh7 20. Rf2 c6 21. a4
Nd6 22. Bc3 Nf7 23. Qd2 Be6 24. d4 O-O-O 25. Qc2 e4 26. d5 Bxd5 27. Bd4 Ng5 28.
Rd2 Rd6 29. Qc5 Rdh6 30. Qf8+ Kd7 31. Qg7+ Qxg7 32. Bxg7 Rh7 33. Bd4 Ke6 34. b4
a6 35. Rb1 Bc4 36. Bc5 Nh3+ 0-1

[Event "5ème open de Provence (A)"]
[Site "Salon de Provence"]
[Date "2014.??.??"]
[Round "3.15"]
[White "Bregier, Gerard"]
[Black "Boyer, Jean-Francois"]
[Result "1/2-1/2"]
[WhiteElo "1480"]
[BlackElo "1780"]
[PlyCount "83"]
[EventDate "2014.??.??"]

1. d4 d5 2. c4 c6 3. Nf3 Nd7 4. g3 dxc4 5. Bg2 Nb6 6. O-O Nf6 7. Nc3 e6 8. Bg5
Be7 9. Re1 h6 10. Bxf6 Bxf6 11. e4 O-O 12. Qc2 Qc7 13. e5 Be7 14. Ne4 f5 15.
exf6 Bxf6 16. Nxf6+ Rxf6 17. Ne5 Bd7 18. Be4 Be8 19. Nxc4 Nxc4 20. Qxc4 Bf7 21.
Qc5 Qb6 22. Qxb6 axb6 23. a4 Bg6 24. Bxg6 Rxg6 25. b4 Rd8 26. Rad1 Kf7 27. f4
Rf6 28. Re4 g5 29. Rf1 gxf4 30. Rfxf4 Ra8 31. Rxf6+ Kxf6 32. Rh4 Rxa4 33. Rxh6+
Kf5 34. Rh5+ Kg4 35. Rh4+ Kg5 36. h3 Rxb4 37. Rg4+ Kf5 38. Rf4+ Kg6 39. Re4 Rb3
40. Kf2 Kf7 41. Rf4+ Kg6 42. Rg4+ 1/2-1/2

[Event "5ème open de Provence (A)"]
[Site "Salon de Provence"]
[Date "2014.??.??"]
[Round "4.2"]
[White "Dudognon, Thibault"]
[Black "Chauvet, Vincent"]
[Result "1-0"]
[WhiteElo "2066"]
[BlackElo "2134"]
[PlyCount "87"]
[EventDate "2014.??.??"]

1. e4 e5 2. Nf3 Nc6 3. Bb5 a6 4. Bxc6 dxc6 5. O-O Qd6 6. Na3 Be6 7. Qe2 b5 8.
Rd1 c5 9. c3 Bg4 10. Nc2 Nf6 11. d4 Qc6 12. d5 Qb7 13. a4 Bd6 14. axb5 axb5 15.
Rxa8+ Qxa8 16. Qxb5+ Bd7 17. Qe2 Qa4 18. c4 O-O 19. Bg5 Ne8 20. Ne3 f6 21. Bh4
g6 22. Qc2 Qxc2 23. Nxc2 h5 24. Bg3 Ng7 25. Nd2 Rb8 26. b3 f5 27. f3 fxe4 28.
fxe4 g5 29. Ra1 h4 30. Bf2 Nh5 31. Ra5 Nf4 32. Bxc5 Rf8 33. Be3 Ne2+ 34. Kh1 g4
35. Ra1 Be7 36. Ra7 h3 37. Rxc7 Rd8 38. c5 Bh4 39. c6 Be8 40. Rb7 Bg6 41. c7
Rf8 42. Rb8 Bxe4 43. Rxf8+ Kg7 44. Nxe4 1-0

[Event "5ème open de Provence (A)"]
[Site "Salon de Provence"]
[Date "2014.??.??"]
[Round "4.3"]
[White "Massardo, Quentin"]
[Black "Hernandez, Lara"]
[Result "1/2-1/2"]
[WhiteElo "1829"]
[BlackElo "1732"]
[PlyCount "53"]
[EventDate "2014.??.??"]

1. d4 Nf6 2. c4 g6 3. Nf3 Bg7 4. g3 O-O 5. Bg2 d6 6. O-O Nbd7 7. Nc3 e5 8. e4
exd4 9. Nxd4 Re8 10. Bf4 Nc5 11. Re1 Ne6 12. Nxe6 Bxe6 13. e5 dxe5 14. Bxe5 c6
15. b3 Qa5 16. Rc1 Rad8 17. Qf3 Bf5 18. Bxf6 Rxe1+ 19. Rxe1 Bxf6 20. Rd1 Bxc3
21. Rxd8+ Qxd8 22. Qxc3 Qd1+ 23. Bf1 Bh3 24. Qd3 Qa1 25. a4 Bxf1 26. Qxf1 Qc3
27. Qd1 1/2-1/2

[Event "5ème open de Provence (A)"]
[Site "Salon de Provence"]
[Date "2014.??.??"]
[Round "4.4"]
[White "Busson, Benoist"]
[Black "Kolb, Sebastien"]
[Result "1/2-1/2"]
[WhiteElo "1977"]
[BlackElo "2057"]
[PlyCount "40"]
[EventDate "2014.??.??"]

1. e4 c5 2. b4 cxb4 3. a3 d5 4. exd5 Qxd5 5. Nf3 e5 6. Bb2 Nc6 7. c4 Qe6 8. Bd3
Nf6 9. O-O Bd6 10. Re1 O-O 11. axb4 Nxb4 12. Bf1 Nc6 13. d4 e4 14. d5 Qf5 15.
dxc6 Rd8 16. Qc2 Qh5 17. Bxf6 exf3 18. g3 gxf6 19. cxb7 Bxb7 20. Nc3 Be5
1/2-1/2

[Event "5ème open de Provence (A)"]
[Site "Salon de Provence"]
[Date "2014.??.??"]
[Round "4.5"]
[White "Lazov, Stefan"]
[Black "Vincensini, Emmanuel"]
[Result "1/2-1/2"]
[WhiteElo "1894"]
[BlackElo "1960"]
[PlyCount "60"]
[EventDate "2014.??.??"]

1. e4 e6 2. d4 d5 3. Nc3 Bb4 4. e5 c5 5. a3 Bxc3+ 6. bxc3 Ne7 7. a4 Nbc6 8. Nf3
Qa5 9. Bd2 Bd7 10. Bd3 f6 11. exf6 gxf6 12. O-O c4 13. Be2 Ng6 14. Re1 O-O-O
15. Bf1 h5 16. h4 Rdf8 17. g3 e5 18. dxe5 fxe5 19. Ng5 e4 20. Be2 Nce5 21. Be3
Bg4 22. Qd4 Bxe2 23. Rxe2 b6 24. Rd2 Rf5 25. Kg2 Rd8 26. Rdd1 Ng4 27. Ne6 Rd7
28. Ng5 Rd6 29. Nxe4 Re6 30. Ng5 Nxe3+ 1/2-1/2

[Event "5ème open de Provence (A)"]
[Site "Salon de Provence"]
[Date "2014.??.??"]
[Round "4.6"]
[White "Rayne, Remy"]
[Black "Danielian, Kevin"]
[Result "1/2-1/2"]
[WhiteElo "1936"]
[BlackElo "1848"]
[PlyCount "42"]
[EventDate "2014.??.??"]

1. d4 d5 2. c4 e6 3. Nf3 Nf6 4. Qc2 c6 5. g3 Nbd7 6. Bg2 Be7 7. O-O O-O 8. b3
b6 9. Bb2 Bb7 10. Nc3 Rc8 11. e4 dxe4 12. Nxe4 h6 13. Ne5 Nxe5 14. Nxf6+ Bxf6
15. dxe5 Be7 16. Rad1 Qc7 17. Rd3 c5 18. Bxb7 Qxb7 19. Rfd1 Rcd8 20. Rxd8 Rxd8
21. Rxd8+ Bxd8 1/2-1/2

[Event "5ème open de Provence (A)"]
[Site "Salon de Provence"]
[Date "2014.??.??"]
[Round "4.7"]
[White "Faure, Alexandre"]
[Black "Merenciano, Alexandre"]
[Result "1-0"]
[WhiteElo "1875"]
[BlackElo "1984"]
[PlyCount "83"]
[EventDate "2014.??.??"]

1. e4 c6 2. Nc3 d5 3. Nf3 dxe4 4. Nxe4 Nf6 5. Ng3 h5 6. Bc4 Qa5 7. c3 h4 8. Ne2
b5 9. Bb3 h3 10. gxh3 e6 11. d4 Bd6 12. Bf4 Qc7 13. Qd2 Nbd7 14. Rg1 Nh5 15.
Bxd6 Qxd6 16. Ng3 Nhf6 17. Qg5 Bb7 18. Ne5 g6 19. O-O-O c5 20. Nxd7 Nxd7 21. d5
Qe7 22. Qxe7+ Kxe7 23. dxe6 Nf6 24. exf7 c4 25. Bc2 Kxf7 26. Ne2 Rag8 27. Nd4
a6 28. Rg3 Nh5 29. Rg5 Kf6 30. Rdg1 Nf4 31. R5g4 g5 32. h4 Nh3 33. hxg5+ Rxg5
34. Rxg5 Nxg5 35. f4 Ne4 36. Re1 Nf2 37. Re6+ Kf7 38. Bg6+ Kf8 39. Nf5 Nd3+ 40.
Kb1 Bc6 41. Rxc6 Rxh2 42. Rc8# 1-0

[Event "5ème open de Provence (A)"]
[Site "Salon de Provence"]
[Date "2014.??.??"]
[Round "4.8"]
[White "Benavides, Jeremy"]
[Black "Valcrose, Thomas"]
[Result "1-0"]
[WhiteElo "1835"]
[BlackElo "1787"]
[PlyCount "129"]
[EventDate "2014.??.??"]

1. e4 Nf6 2. e5 Nd5 3. c4 Nb6 4. d4 d6 5. f4 dxe5 6. fxe5 Nc6 7. Be3 Bf5 8. Nf3
e6 9. Nc3 Be7 10. d5 exd5 11. cxd5 Nb4 12. Nd4 Bg6 13. Bb5+ Kf8 14. O-O Kg8 15.
Qf3 N4xd5 16. Rad1 Nxe3 17. Qxe3 Bg5 18. Qf3 Qe7 19. Kh1 c6 20. Bd3 Rf8 21. e6
Bf6 22. exf7+ Qxf7 23. Bf5 Bxf5 24. Nxf5 h5 25. Ne4 Nd5 26. Nxf6+ Qxf6 27. Qe4
Qg5 28. h4 Qg4 29. Ne7+ Nxe7 30. Rxf8+ Kxf8 31. Rd8+ Kf7 32. Qxg4 hxg4 33. Rxh8
Ng6 34. Rb8 b5 35. g3 a5 36. Rb7+ Kf6 37. Kg2 Ne5 38. b3 g6 39. Kf2 Kf5 40. Ke3
a4 41. bxa4 bxa4 42. Rb4 a3 43. Rf4+ Ke6 44. Kd4 c5+ 45. Ke4 Nd7 46. Kd3 Kd5
47. Kc3 Ne5 48. Kb3 c4+ 49. Kxa3 Kc5 50. Rf6 Kd4 51. Kb2 Nd3+ 52. Kc2 Nb4+ 53.
Kb1 Kc3 54. Rxg6 Kd2 55. Rd6+ Nd3 56. h5 c3 57. Rxd3+ Kxd3 58. Kc1 Ke3 59. h6
Kf3 60. h7 Kxg3 61. h8=Q Kf2 62. Qxc3 g3 63. a4 g2 64. Qd2+ Kf1 65. Qxg2+ 1-0

[Event "5ème open de Provence (A)"]
[Site "Salon de Provence"]
[Date "2014.??.??"]
[Round "4.9"]
[White "Metras, Dominique"]
[Black "Nicolas, Gabrielle"]
[Result "1/2-1/2"]
[WhiteElo "1965"]
[BlackElo "1732"]
[PlyCount "69"]
[EventDate "2014.??.??"]

1. d4 d5 2. Nf3 Nf6 3. c4 e6 4. Nc3 c6 5. e3 Be7 6. b3 Nbd7 7. Bd3 O-O 8. O-O
b6 9. Bb2 Bb7 10. Qe2 Rc8 11. Rac1 c5 12. Rfd1 Bd6 13. cxd5 Nxd5 14. Nxd5 exd5
15. Ba6 Bxa6 16. Qxa6 cxd4 17. Bxd4 Bb8 18. Rxc8 Qxc8 19. Qd3 Rd8 20. Ng5 Nf8
21. Bb2 Qg4 22. Nf3 h6 23. h3 Qb4 24. e4 Ne6 25. exd5 Nf4 26. Qc4 Qe7 27. Re1
Qd7 28. Ne5 Bxe5 29. Bxe5 Nxd5 30. Rd1 Qe6 31. Bg3 Kh7 32. Qd3+ g6 33. Qd4 Rd7
34. Qe5 Qxe5 35. Bxe5 1/2-1/2

[Event "5ème open de Provence (A)"]
[Site "Salon de Provence"]
[Date "2014.??.??"]
[Round "4.10"]
[White "Brongers, Henk"]
[Black "Catot, Olivier"]
[Result "1-0"]
[WhiteElo "2027"]
[BlackElo "1588"]
[PlyCount "61"]
[EventDate "2014.??.??"]

1. e4 e6 2. d4 d5 3. Nc3 Nf6 4. Bg5 Bb4 5. Nge2 dxe4 6. a3 Be7 7. Bxf6 Bxf6 8.
Nxe4 Be7 9. Qd3 Nc6 10. O-O-O Qd5 11. c4 Qa5 12. Qd2 Bd7 13. Qxa5 Nxa5 14. N2c3
b6 15. g3 Rc8 16. f4 Bc6 17. d5 exd5 18. cxd5 Ba8 19. b4 f5 20. Bh3 Nc4 21.
Bxf5 Rd8 22. Nb5 Ne3 23. Nxc7+ Kf8 24. Ne6+ Kg8 25. Nxd8 Nxd1 26. Be6+ Kf8 27.
Nf7 Rg8 28. Rxd1 a5 29. Ne5 Rh8 30. Nd7+ Ke8 31. Nxb6 1-0

[Event "5ème open de Provence (A)"]
[Site "Salon de Provence"]
[Date "2014.??.??"]
[Round "4.11"]
[White "Vincken Vasquez, Dimaryk"]
[Black "Legrand, Vincent"]
[Result "0-1"]
[WhiteElo "1626"]
[BlackElo "1833"]
[PlyCount "68"]
[EventDate "2014.??.??"]

1. e4 e5 2. Nf3 Nc6 3. d4 exd4 4. Nxd4 Nxd4 5. Qxd4 Ne7 6. Nc3 Nc6 7. Qe3 g6 8.
Bd2 Bg7 9. O-O-O O-O 10. Kb1 d6 11. f3 Be6 12. Nd5 Ne5 13. Bc3 c6 14. Nf4 Qc7
15. Qd4 Rfd8 16. Be2 c5 17. Nxe6 fxe6 18. Qe3 a6 19. f4 Nc6 20. Bc4 Re8 21. f5
Nd4 22. Bxd4 cxd4 23. Qh3 d5 24. exd5 b5 25. Bd3 exf5 26. a4 Qc5 27. Rhe1 Re3
28. Rxe3 dxe3 29. axb5 axb5 30. Re1 b4 31. Bc4 e2 32. d6+ Kh8 33. Qd3 Qa5 34.
Ba6 Rxa6 0-1

[Event "5ème open de Provence (A)"]
[Site "Salon de Provence"]
[Date "2014.??.??"]
[Round "4.12"]
[White "Amoros, Jean"]
[Black "Morris, Keith"]
[Result "0-1"]
[WhiteElo "1499"]
[BlackElo "1709"]
[PlyCount "64"]
[EventDate "2014.??.??"]

1. e4 e5 2. f4 d5 3. exd5 exf4 4. Nf3 Nf6 5. Bc4 Bd6 6. O-O O-O 7. d4 Nbd7 8.
Ne1 Nb6 9. Bb3 Nbxd5 10. Qd3 g6 11. Bxd5 Nxd5 12. c4 Bf5 13. Qb3 Ne3 14. Bxe3
fxe3 15. Qxe3 Re8 16. Qd2 Re4 17. Nf3 Bf4 18. Qb4 Be3+ 19. Kh1 Bxd4 20. Nc3
Bxc3 21. Qxc3 Be6 22. Rad1 Qe7 23. b3 Re8 24. Rfe1 Bg4 25. Rxe4 Qxe4 26. Re1
Qc6 27. Ne5 Qe6 28. h3 Bf5 29. g4 Bb1 30. Qb2 f6 31. Nd3 Qc6+ 32. Kg1 Bxd3 0-1

[Event "5ème open de Provence (A)"]
[Site "Salon de Provence"]
[Date "2014.??.??"]
[Round "4.13"]
[White "Boyer, Jean-Francois"]
[Black "Joubert, Leo"]
[Result "1/2-1/2"]
[WhiteElo "1780"]
[BlackElo "1790"]
[PlyCount "66"]
[EventDate "2014.??.??"]

1. e4 c5 2. Nf3 g6 3. Nc3 Bg7 4. Bc4 Nc6 5. a3 d6 6. Ng5 e6 7. d3 Nge7 8. h4 h6
9. Nf3 d5 10. exd5 exd5 11. Bb5 a6 12. Bxc6+ Nxc6 13. Qe2+ Be6 14. Bd2 O-O 15.
O-O-O Bg4 16. Rde1 b5 17. Qf1 Bxf3 18. gxf3 Nd4 19. Qg2 b4 20. axb4 cxb4 21.
Ne2 Qa5 22. Kd1 Qa1+ 23. Bc1 Nxe2 24. Rxe2 Rae8 25. Kd2 Bxb2 26. Bxb2 Qxb2 27.
h5 b3 28. Rc1 d4 29. hxg6 Qc3+ 30. Kd1 bxc2+ 31. Rcxc2 Qxd3+ 32. Kc1 Qxg6 33.
Qxg6+ fxg6 1/2-1/2

[Event "5ème open de Provence (A)"]
[Site "Salon de Provence"]
[Date "2014.??.??"]
[Round "4.14"]
[White "Fournier, Alain"]
[Black "Bregier, Gerard"]
[Result "1-0"]
[WhiteElo "1697"]
[BlackElo "1480"]
[PlyCount "63"]
[EventDate "2014.??.??"]

1. d4 Nf6 2. Nf3 g6 3. Bf4 d5 4. Nbd2 Bg7 5. e3 Nh5 6. Bg5 h6 7. Bh4 g5 8. Ne5
Nf6 9. Bg3 Nbd7 10. f4 Nxe5 11. fxe5 Ng4 12. Qf3 h5 13. O-O-O h4 14. Be1 c6 15.
h3 Nh6 16. Be2 Nf5 17. Rf1 Be6 18. Nb3 b6 19. e4 Nh6 20. Bd2 g4 21. hxg4 Bxg4
22. Qf2 f6 23. Bxg4 Nxg4 24. Qf5 Nh6 25. Qg6+ Kf8 26. exf6 exf6 27. Bb4+ Kg8
28. e5 f5 29. g4 Nxg4 30. Rxf5 Ne3 31. Qf7+ Kh7 32. Rh5# 1-0

[Event "5ème open de Provence (A)"]
[Site "Salon de Provence"]
[Date "2014.??.??"]
[Round "5.1"]
[White "Milchev, Nikolay"]
[Black "Dudognon, Thibault"]
[Result "1-0"]
[WhiteElo "2424"]
[BlackElo "2066"]
[PlyCount "87"]
[EventDate "2014.??.??"]

1. Nf3 d5 2. g3 Nf6 3. Bg2 Bf5 4. O-O Nbd7 5. c4 c6 6. d4 dxc4 7. Na3 Nb6 8.
Ne5 e6 9. Naxc4 Nxc4 10. Nxc4 Nd7 11. a4 Nb6 12. Ne3 a5 13. Nxf5 exf5 14. Qd3
g6 15. e4 fxe4 16. Qxe4+ Qe7 17. Qg4 f5 18. Qd1 Qf7 19. Re1+ Kd7 20. d5 Nxd5
21. Qb3 Bb4 22. Rd1 Ke8 23. Bxd5 cxd5 24. Rxd5 h6 25. Bf4 Kf8 26. Rad1 Re8 27.
Qd3 Rh7 28. h4 Qe6 29. h5 g5 30. Re5 Qc6 31. Rxf5+ Rf7 32. Rxf7+ Kxf7 33. Qh7+
Kf8 34. Be5 Rxe5 35. Qh8+ Kf7 36. Qxe5 Qxa4 37. Qf5+ Ke7 38. Qh7+ Ke8 39. Qg8+
Ke7 40. Qd8+ Ke6 41. Qd5+ Kf6 42. Qf3+ Ke6 43. Qe4+ Kf6 44. Rd6+ 1-0

[Event "5ème open de Provence (A)"]
[Site "Salon de Provence"]
[Date "2014.??.??"]
[Round "5.2"]
[White "Hernandez, Lara"]
[Black "Guidarelli, Laurent"]
[Result "0-1"]
[WhiteElo "1732"]
[BlackElo "2498"]
[PlyCount "88"]
[EventDate "2014.??.??"]

1. d4 e6 2. c4 f5 3. g3 Nf6 4. Bg2 c6 5. Nf3 d5 6. O-O Bd6 7. b3 Qe7 8. Bb2 b6
9. Nbd2 O-O 10. Rc1 a5 11. Ne5 Bb7 12. Ndf3 Ne4 13. Nd3 Na6 14. Nfe5 c5 15. e3
Nb4 16. a4 Rfd8 17. Nxb4 Bxe5 18. Nxd5 exd5 19. dxe5 dxc4 20. Qf3 c3 21. Bxc3
Nxc3 22. Qxb7 Ne2+ 23. Kh1 Qxb7 24. Bxb7 Nxc1 25. Bxa8 Nxb3 26. Bc6 Kf8 27. Rb1
c4 28. Bb5 c3 29. Rxb3 c2 30. Rc3 Rd1+ 31. Kg2 c1=Q 32. Rxc1 Rxc1 33. Bd3 Ra1
34. Bb5 Rb1 35. Bd7 g6 36. h4 Ke7 37. Bc6 Rc1 38. Bb5 Rc5 39. Bd3 Rxe5 40. Kf3
b5 41. axb5 a4 42. Bc4 Rc5 43. Bg8 a3 44. Kf4 Kf6 0-1

[Event "5ème open de Provence (A)"]
[Site "Salon de Provence"]
[Date "2014.??.??"]
[Round "5.3"]
[White "Kolb, Sebastien"]
[Black "Faure, Alexandre"]
[Result "0-1"]
[WhiteElo "2057"]
[BlackElo "1875"]
[PlyCount "76"]
[EventDate "2014.??.??"]

1. e4 e6 2. d4 d5 3. Nd2 Nf6 4. e5 Nfd7 5. f4 c5 6. c3 Nc6 7. Ndf3 Qb6 8. a3
Be7 9. b4 cxd4 10. cxd4 O-O 11. Bd3 f6 12. Ne2 fxe5 13. fxe5 Kh8 14. Bb2 a6 15.
h4 Nd8 16. Bc2 Qb5 17. Nc3 Qc4 18. Bb3 Qc7 19. Qd3 Rf4 20. Bc2 Nf8 21. Ne2 Rg4
22. Ng5 Bd7 23. Nxh7 Bb5 24. Qf3 Qxc2 25. Qxg4 Qxb2 26. Nxf8 Bxe2 27. Qxe2
Qxa1+ 28. Kf2 Qxd4+ 29. Kg3 Bxf8 30. Rf1 Kg8 31. Qh5 Rc8 32. Kh3 Rc3+ 33. Kh2
Rc4 34. g3 Rc2+ 35. Kh3 Qd2 36. Qf3 Qh2+ 37. Kg4 Qe2 38. Qxe2 Rxe2 0-1

[Event "5ème open de Provence (A)"]
[Site "Salon de Provence"]
[Date "2014.??.??"]
[Round "5.4"]
[White "Rayne, Remy"]
[Black "Massardo, Quentin"]
[Result "1-0"]
[WhiteElo "1936"]
[BlackElo "1829"]
[PlyCount "22"]
[EventDate "2014.??.??"]

1. c4 Nf6 2. b3 c5 3. Nf3 e6 4. g3 b6 5. Bg2 Bb7 6. O-O d5 7. cxd5 Nxd5 8. Bb2
Nd7 9. Nc3 N7f6 10. d4 cxd4 11. Nxd4 Be7 1-0

[Event "5ème open de Provence (A)"]
[Site "Salon de Provence"]
[Date "2014.??.??"]
[Round "5.5"]
[White "Chauvet, Vincent"]
[Black "Lazov, Stefan"]
[Result "0-1"]
[WhiteElo "2134"]
[BlackElo "1894"]
[PlyCount "90"]
[EventDate "2014.??.??"]

1. d4 Nf6 2. c4 Nc6 3. Nc3 e6 4. a3 d6 5. e4 g6 6. Nge2 Bg7 7. f3 Nd7 8. Be3
Nb6 9. b3 a5 10. a4 Nd7 11. g3 e5 12. d5 Nb4 13. Na2 Na6 14. Qc2 Ndc5 15. g4 h5
16. gxh5 Rxh5 17. Ng3 Rh8 18. O-O-O Bh3 19. Bxh3 Rxh3 20. Kb2 Qh4 21. Qd2 b6
22. Ka3 Bh6 23. Bxh6 Qxh6 24. Qxh6 Rxh6 25. h4 Kd7 26. h5 gxh5 27. Rxh5 Rxh5
28. Nxh5 Rh8 29. Ng7 Rh3 30. Rf1 Nd3 31. Nc1 Nxc1 32. Rxc1 Rxf3 33. Ka2 Nc5 34.
Re1 Nxb3 35. Nf5 Nc5 36. Ng7 Nxa4 37. Nh5 Nc5 38. Re2 Nd3 39. Rd2 Rf2 40. Rxf2
Nxf2 41. Ng3 Nd3 42. Kb3 Nc5+ 43. Kc3 Ke7 44. Nf5+ Kf6 45. Ng3 Kg5 0-1